Statistiche per Riconosci il Calciatore - Quiz n°880

Clicka qui per fare il quiz!

Statistiche generali

  • Questo quiz è stato fatto 4 volte
  • Il punteggio medio è 5 su 18

Statistiche sulle risposte

IndizioRisposta% Corretto
RuoloAttaccante
100%
Squadra di club 5Benfica 2023-
100%
NazionalitàBrasile
100%
Squadra di club 4Fiorentina 2022-2023
67%
Data di nascita25/04/1998
33%
Squadra di club 3Basilea 2019-2022
33%
Trofei per clubCampionato Cearense: 2
Ceará: 2017, 2018
33%
Presenze in nazionale0
0%
Gol in nazionale0
0%
Trofei per nazionali0
0%
Gol nei club120
0%
Altezza186 cm
0%
Presenze nei club272
0%
Peso86 kg
0%
CalciatoreArthur Cabral
0%
Squadra di club 1Ceará 2015-2018
0%
Squadra di club 2Palmeiras 2019-2019
0%
Trofei individualiTrofeo Verdes Mares: 2
Seleção do Campeonato Cearense: 2018[65]
Rivelazione del Campionato Cearense: 2018[65]
Trofeo Flávio Ponte: 1
Seleção do Ano do futebol cearense: 2018[66]
Capocannoniere della Copa do Nordeste: 1
2018 (5 gol)
Calciatore dell'anno: 1
Super League Player: 2021
SAFP Golden 11: 2
Super League Team of the Year: 2020, 2021
Capocannoniere della UEFA Europa Conference League: 1
2022-2023 (7 reti, ex aequo con Zeki Amdouni)
0%

Distribuzione punteggi

Percentile per numero di risposta

Percentuale di utenti per punteggio

I tuoi punteggi nel tempo

Non hai fatto questo quiz